Odmeňovanie zamestnancov podniku diplomová práca

Saved in:
Bibliographic Details
Main Author: Hajníková, Andrea
Corporate Author: Ekonomická univerzita v Bratislave. Fakulta podnikového manažmentu
Other Authors: Fabian, Peter
Format: Book
Language:Slovak
Published: Bratislava 2010
Tags: Add Tag
No Tags, Be the first to tag this record!

MARC

LEADER 00000nam a2200000 4500
001 0122147
005 20240318122947.9
041 0 |a slo 
044 |a SK 
245 1 0 |a Odmeňovanie zamestnancov podniku  |b diplomová práca  |c Andrea Hajníková ; škol. Peter Fabian 
264 1 |a Bratislava  |c 2010 
300 |a 72 s. 
100 1 |a Hajníková, Andrea 
700 1 |a Fabian, Peter 
710 2 |a Ekonomická univerzita v Bratislave. Fakulta podnikového manažmentu